000 00384 a2200169 4500
001 70344
020 _a978857406300
040 _cAnchieta - Itaigara
100 _aSouza, Flávio de
240 1 0 _aNove chapeuzinhos
_lpor
245 1 0 _aNove chapeuzinhos
300 _a63
362 0 _a2007
440 1 _aCompanhia das Letras
650 4 _aLiteratura infanto-juvenil
942 _cBK
999 _c70344
_d70344